|
|
|
|
| LEADER |
02471pam a22005297a 4500 |
| 001 |
AALTaylor&Francisebook000025 |
| 003 |
BD-DhAAL |
| 005 |
20230911120014.0 |
| 006 |
m||||||||d|||||||| |
| 007 |
cr|||||||||||| |
| 008 |
220110s2017\\\\nyua\\\\ob\\\\001\0\eng\d |
| 010 |
|
|
|a 2016028256
|
| 020 |
|
|
|a 9781315646473 (ebk)
|
| 020 |
|
|
|a 9781317295105
|
| 020 |
|
|
|z 9781138182424 (hbk)
|
| 024 |
|
|
|a 10.4324/9781315646473
|2 doi
|
| 035 |
|
|
|a (OCoLC)964359559
|
| 040 |
|
|
|a DLC
|b eng
|c DLC
|e rda
|d DLC
|d BD-DhAAL
|
| 042 |
|
|
|a pcc
|
| 050 |
0 |
0 |
|a P99.4.M6
|b B37 2017
|
| 082 |
0 |
0 |
|a 302.231
|2 23
|
| 100 |
1 |
|
|a Benson, Phil,
|d 1955-
|e author.
|9 44680
|
| 245 |
1 |
4 |
|a The discourse of YouTube
|h [electronic resource] :
|b multimodal text in a global context /
|c Phil Benson.
|
| 260 |
|
|
|a New York :
|b Routledge,
|c ©2017
|
| 300 |
|
|
|a 1 online resource (133 pages)
|
| 490 |
0 |
|
|a Routledge studies in multimodality ;
|v 15
|
| 500 |
|
|
|a <strong>Off-Campus Access:</strong> Athens ID and Password Required
|
| 500 |
|
|
|a <strong>On-Campus Access:</strong> No User ID or Password Required
|
| 500 |
|
|
|a Access type: Perpetual access
|
| 504 |
|
|
|a Includes bibliographical references (pages [121]-129) and index.
|
| 505 |
0 |
|
|a Introduction -- Multimodality -- Youtube and new media discourse -- Designing the Youtube website -- Designing Youtube Pages -- producing Youtube texts -- Youtube in a global context -- Conclusion.
|
| 526 |
|
|
|a ENH
|x Dr. Asifa Sultana,
Associate Professor
|
| 538 |
|
|
|a Mode of access: Internet
|
| 541 |
|
|
|a Taylor & Francis
|h USD 200.00
|
| 630 |
0 |
0 |
|a YouTube (Electronic resource)
|9 44681
|
| 650 |
|
0 |
|a Modality (Linguistics)
|9 44682
|
| 650 |
|
0 |
|a Multimedia communications
|x Technological innovations
|9 44683
|
| 650 |
|
0 |
|a Mass media
|x Technological innovations.
|9 44684
|
| 650 |
|
0 |
|a Discourse analysis
|x Social aspects.
|9 44685
|
| 650 |
|
0 |
|a Internet videos
|x Social aspects.
|9 44686
|
| 650 |
|
0 |
|a Online social networks.
|9 44687
|
| 655 |
|
|
|a Electronic books.
|
| 852 |
|
|
|a Ayesha Abed Library
|
| 856 |
|
|
|z Full text available on Taylor & Francis
|u https://www.taylorfrancis.com/books/9781315646473
|
| 942 |
|
|
|2 ddc
|c EBK
|
| 999 |
|
|
|c 43429
|d 43429
|
| 952 |
|
|
|0 0
|1 0
|2 ddc
|4 0
|6 302_231000000000000_BEN
|7 0
|9 69695
|a BRACUL
|b BRACUL
|d 2022-01-10
|e Taylor & Francis
|g 17111.48
|l 0
|o 302.231 BEN
|r 2022-01-10
|t 1
|w 2022-01-10
|y EBK
|x As discussed with Acquisition team, according to invoice date (20.12.2021) of the e-book, converted USD 200.00 to BDT 17111.48
|